The Internet Dictionary (Record no. 346968)
[ view plain ]
| 000 -LEADER | |
|---|---|
| fixed length control field | 00390 a2200157 4500 |
| 020 ## - INTERNATIONAL STANDARD BOOK NUMBER | |
| International Standard Book Number | 8170296099 |
| 082 ## - DEWEY DECIMAL CLASSIFICATION NUMBER | |
| Classification number | 004.67803 |
| 090 ## - LOCALLY ASSIGNED LC-TYPE CALL NUMBER (OCLC); LOCAL CALL NUMBER (RLIN) | |
| -- | 4525 |
| -- | 4525 |
| 100 ## - MAIN ENTRY--PERSONAL NAME | |
| Personal name | Crumlish,Christian |
| 245 ## - TITLE STATEMENT | |
| Title | The Internet Dictionary |
| Statement of responsibility, etc. | Christian Crumlish |
| 250 ## - EDITION STATEMENT | |
| Edition statement | 1st |
| 260 ## - PUBLICATION, DISTRIBUTION, ETC. | |
| Place of publication, distribution, etc. | New Delhi |
| Name of publisher, distributor, etc. | BPB Publications |
| Date of publication, distribution, etc. | 1995 |
| 300 ## - PHYSICAL DESCRIPTION | |
| Extent | 226p |
| 500 ## - GENERAL NOTE | |
| General note | Paper cover |
| 942 ## - ADDED ENTRY ELEMENTS (KOHA) | |
| Institution code [OBSOLETE] | NBS |
| Koha item type | Book |
| Call number prefix | 004.67803 CRU |
| Withdrawn status | Lost status | Damaged status | Not for loan | Permanent Location | Current Location | Shelving location | Date acquired | Full call number | Barcode | Date last seen | Price effective from | Koha item type | Total Checkouts |
|---|---|---|---|---|---|---|---|---|---|---|---|---|---|
| Central Library (CL) | Central Library (CL) | First Floor - Data Communication/Network/Architecture | 08/28/2013 | 004.67803 CRU | NBS1416 | 08/28/2013 | 08/28/2013 | Reference | |||||
| Central Library (CL) | Central Library (CL) | First Floor - Data Communication/Network/Architecture | 08/28/2013 | 004.67803 CRU | NBS1415 | 08/28/2013 | 08/28/2013 | Book |
